| 000 | 00708nam a22001817a 4500 | ||
|---|---|---|---|
| 999 |
_c60502 _d60502 |
||
| 005 | 20230808130838.0 | ||
| 008 | 230808s1994 enk||||| |||| 00| 0 eng d | ||
| 020 | _a0198144733x | ||
| 041 | _aeng | ||
| 080 | _a94(479.22) /05 B-84 | ||
| 100 |
_aBraund, David _919638 |
||
| 245 |
_aGeorgia in Antiquity: _bA History of Colchis and Transcaucasian Iberia, 550 BC-AD 562 / _cDavid Braund. |
||
| 264 |
_aOxford : _bClarendon Press, _c1994. |
||
| 300 |
_a360 p.; _b24 cm. |
||
| 653 | _aსაქართველო ანტიკურ ხანაში | ||
| 653 | _aკოლხეთისა და ამიერკავკასიის იბერიის ისტორია | ||
| 942 |
_2udc _cBK |
||